000 00454nam a22001577a 4500
003 OSt
005 20231124101856.0
008 231124b |||||||| |||| 00| 0 eng d
020 _a9780000987570
040 _cIIMT UNIVERSITY MEERUT
100 _aCHUA CHEE KAI
245 _aRapid Prototyping: 3D Printing and Additive Manufacturing Principles and Applications 5ED
260 _aNEW JERSEY
_bWORLD SCIENTIFIC
300 _a426
942 _2ddc
_c02
_e5TH
999 _c57694
_d57694